Capital Maintenance Evolution Using Outputs from Accounting System
Model na hodnotenie vývoja udržiavania kapitálu s využitím dostupných účtovných výstupov. Skonštruovaný model a koeficient pre vývoj údržby kapitálu CMEOPNN bol vyvinutý pomocou viacvrstvovej (trojitej) umelej neurónovej siete s prenosom signálu metódou spätného šírenia a aktivačná funkcia je funkci...
Gespeichert in:
| 1. Verfasser: | |
|---|---|
| Weitere Verfasser: | |
| Format: | Buchkapitel |
| Sprache: | Englisch |
| Schlagworte: | |
| Tags: |
Keine Tags, Fügen Sie das erste Tag hinzu!
|
MARC
| LEADER | 00000naa a2200000 4500 | ||
|---|---|---|---|
| 001 | 0269289 | ||
| 005 | 20250512081856.2 | ||
| 041 | 0 | |a eng | |
| 044 | |a RO | ||
| 245 | 1 | 0 | |a Capital Maintenance Evolution Using Outputs from Accounting System |c Renáta Pakšiová, Denisa Oriskóová |
| 520 | |a Model na hodnotenie vývoja udržiavania kapitálu s využitím dostupných účtovných výstupov. Skonštruovaný model a koeficient pre vývoj údržby kapitálu CMEOPNN bol vyvinutý pomocou viacvrstvovej (trojitej) umelej neurónovej siete s prenosom signálu metódou spätného šírenia a aktivačná funkcia je funkcia sigmoidu. | ||
| 610 | 2 | 0 | |a účtovníctvo |
| 610 | 2 | 0 | |a kapitál |
| 610 | 2 | 0 | |a údržba |
| 610 | 2 | 0 | |a obchod |
| 610 | 2 | 0 | |a výkazy finančné |
| 100 | 1 | |a Pakšiová, Renáta, 1974- | |
| 700 | 1 | |a Oriskóová, Denisa | |